Statistics for Guangzhou Airport (CAN) Destinations

Click here to take the quiz!

General Stats

  • This quiz has been taken 197 times
    (142 since last reset)
  • The average score is 99 of 216

Answer Stats

HintAnswer% Correct
Thai AirAsia, Thai Lion AirBangkok-Don Mueang
94%
China Southern, Kenya Air, Shenzhen Air, Spring Air, Sri Lankan Air, Thai AirwaysBangkok-Suvarnabhumi
94%
China SouthernLondon-Heathrow
93%
Air China, China Eastern, China Southern, Hainan Air, Juneyao Air, Shanghai Air, Spring AirShanghai-Hongqiao
93%
Air China, China Eastern, China Southern, Shanghai AirShanghai-Pudong
93%
Air China, China Eastern, China Southern, Hainan AirBeijing-Capital
92%
China United AirBeijing-Nanyuan
92%
All Nippon Airways, China Southern, Japan AirlinesTokyo-Haneda
92%
All Nippon AirwaysTokyo-Narita
92%
Air China, Beijing Capital Air, Chengdu Air, China Eastern, China Southern, Hainan Air, Shenzhen Air, Sichuan AirChengdu
89%
Aeroflot, China SouthernMoscow-Sheremetyevo
89%
China Southern, Hainan Air, Jetstar Pacific, Vietnam AirlinesHanoi
88%
Air France, China SouthernParis-Charles de Gaulle
88%
China Airlines, China Southern, EVA Air, Hainan AirTaipei-Taoyuan
88%
China Southern, Garuda IndonesiaJakarta
87%
Cebu Pacific, China Eastern, China Southern, Philippine Air, Philippine AirAsiaManila
87%
China SouthernOsaka-Kansai
87%
China Southern, Shandong Air, Shanghai Air, Shenzhen Air, XiamenairXiamen
87%
China Southern, EmiratesDubai
86%
DragonairHong Kong
86%
China Southern, Scoot, Singapore Air, Spring Air, TigerairSingapore
86%
China SouthernDelhi
84%
Asiana Airlines, China Southern, Korean AirSeoul-Incheon
84%
Turkish AirlinesIstanbul
83%
China SouthernSydney
83%
China SouthernLos Angeles
82%
China SouthernNew York-JFK
82%
China Eastern, China Southern, Hainan Air, Shenzhen AirXi'an
82%
Air China, Beijing Capital Air, China Southern, Hainan Air, Sichuan Air, West AirChongqing
81%
AirAsia, China Southern, Malaysia Air, Malindo AirKuala Lumpur
81%
China SouthernSan Francisco
81%
Qatar AirwaysDoha
80%
China SouthernFrankfurt
80%
China SouthernRome
80%
EgyptairCairo
78%
China SouthernMelbourne
78%
China SouthernNagoya
78%
China SouthernAmsterdam
77%
China Southern, Garuda IndonesiaDenpasar/Bali
77%
China Southern, Jetstar Pacific, Vietnam AirlinesHo Chi Minh City
77%
Air China, China Eastern, China Southern, Shenzhen AirWuhan
77%
China Southern, Kenya AirwaysNairobi
76%
9 Air, China Southern, Hainan Air, Shenzhen AirHarbin
75%
9 Air, China Eastern, China Southern, Hainan Air, Shanghai Air, Shenzhen AirNanjing
75%
Air China, China Eastern, China Southern, Hainan Air, Okay Air, Shenzhen AirTianjin
75%
China SouthernBrisbane
72%
China SouthernPerth
72%
9 Air, China Southern, Hainan AirUrumqi
72%
China Southern, Myanmar Airways IntlYangon
72%
China SouthernAuckland
71%
Asiana Airlines, China SouthernBusan
71%
China EasternCebu
71%
Air China, Beijing Capital Air, China Eastern, China Southern, Hainan Air, Loong Air, Shanghai Air, Sichuan Air, XiamenairHangzhou
71%
China Eastern, China Southern, Kunming Air, Shenzhen AirKunming
71%
China Southern, Cambodia Angkor Air, Hainan Air, Shenzhen Air, Spring AirPhnom Penh
71%
SaudiaRiyadh
71%
China Southern, Thai SmilePhuket
70%
China Eastern, China Southern, Hainan Air, Shandong Air, Shenzhen AirQingdao
70%
China Eastern, China SouthernDali
69%
China Southern, Hainan Air, Shenzhen AirShenyang
69%
Mahan AirTehran
69%
China SouthernVancouver
69%
China Southern, Lao AirlinesVientiane
69%
China SouthernAdelaide
67%
Ethiopian AirAddis Ababa
66%
China SouthernFukuoka
66%
SaudiaJeddah
66%
China Southern, Sri Lankan AirColombo
65%
Air China, China Southern, Hainan Air, Shenzhen AirDalian
65%
China SouthernDhaka
65%
China Southern, Hainan Air, XiamenairFuzhou
65%
FinnairHelsinki
65%
China SouthernLhasa
64%
Oman AirMuscat
64%
China SouthernToronto-Pearson
64%
China SouthernNanning
63%
China SouthernChangsha
61%
Vietnam AirlinesDa Nang
60%
China Southern, Hainan AirZhengzhou
60%
China Southern, Thai Lion AirChiang Mai
59%
China Eastern, China Southern, Hainan Air, Shenzhen AirHefei
59%
China SouthernKathmandu
59%
Air MauritiusMauritius
59%
UNI AirKaohsiung
58%
Air MadagascarAntananarivo
57%
Beijing Capital Air, China Southern, Hainan Air, Shenzhen AirHaikou
57%
China SouthernJeju
53%
China SouthernMale
53%
China SouthernMexico City
53%
9 Air, China Eastern, China Southern, Hainan Air, Shanghai Air, Shenzhen AirWenzhou
53%
9 Air, China Southern, Shenzhen AirChangchun
51%
China Eastern, China Southern, Shandong Air, Shenzhen AirJinan
51%
Shaheen AirLahore
51%
China Eastern, China Southern, Hainan Air, Shenzhen AirNingbo
51%
China Southern, Cambodia Angkor Air, Hainan Air, Spring AirSiem Reap
51%
China Eastern, China Southern, Shenzhen AirWuxi
51%
China Eastern, China Southern, Shenzhen AirLanzhou
48%
AirAsia, China SouthernKota Kinabalu
46%
China SouthernPenang
45%
China Southern, China United Air, Hebei Air, Spring AirShijiazhuang
45%
UNI AirTaichung
45%
China SouthernChristchurch
43%
China Eastern, China Southern, Shenzhen AirNanchang
43%
Beijing Capital Air, China Southern, Hainan AirSanya
43%
Thai Lion AirChiang Rai
42%
China SouthernGuilin
42%
Air China, China Southern, Hainan AirGuiyang
42%
China EasternMandalay
42%
China Eastern, China Southern, Hainan AirTaiyuan
42%
China SouthernCairns
39%
Air China, China Southern, Shenzhen AirHohhot
37%
China EasternKrabi
37%
China SouthernBaku
36%
China Southern, Shenzhen AirChangzhou
36%
China Southern, Shandong AirYantai
36%
Shenzhen Air, XiamenairQuanzhou
35%
China Southern, Shenzhen AirXining
33%
China SouthernXuzhou
33%
China SouthernNha Trang
31%
China Southern, Shenzhen AirBaotou
30%
AirAsia, China SouthernLangkawi
30%
China Southern, Shenzhen AirNantong
30%
Shenzhen AirUtapao-Pattaya
30%
China SouthernYangzhou
30%
China Eastern, China Southern, Hainan Air, Shenzhen Air, Sichuan AirYinchuan
30%
China SouthernWeihai
29%
Bangkok AirwaysKoh Samui
28%
China SouthernKashgar
27%
China Eastern, China SouthernDatong
25%
China SouthernLianyungang
25%
China SouthernLuoyang
25%
China SouthernNanyang
25%
China EasternOrdos
25%
China SouthernPhu Quoc
25%
Air MadagascarReunion
25%
China SouthernYiwu
25%
AirAsia, Sichuan AirJohor Bahru
24%
Shenzhen AirLinyi
24%
Air ChinaLuzhou
24%
China SouthernNanchong
24%
Shandong AirSaipan
24%
China Eastern, Shenzhen AirTaizhou
24%
Hainan AirTangshan
24%
China SouthernXiangyang
24%
China SouthernAnshan
23%
China EasternHuai'an
23%
China SouthernJining
23%
Air ChinaJiuzhaigou
23%
Beijing Capital Air, China Eastern, China Southern, Juneyao AirLijiang
23%
China SouthernLiuzhou
23%
China SouthernMudanjiang
23%
China SouthernBeihai
22%
China SouthernGanzhou
22%
China SouthernHuangshan
22%
China SouthernJieyang
22%
Shenzhen AirJingdezhen
22%
China SouthernQiqihar
22%
China SouthernRizhao
22%
Air ChinaWanzhou
22%
China Eastern, China SouthernYichang
22%
China SouthernZhanjiang
22%
China SouthernChangde
20%
China EasternDunhuang
20%
Hainan AirWeifang
20%
China SouthernYanji
20%
China SouthernZhangjiajie
20%
Shenzhen AirZhoushan
20%
China EasternBaoshan
19%
China SouthernBijie
19%
China SouthernEnshi
19%
China SouthernHuaihua
19%
China EasternXishuangbanna
19%
China SouthernYancheng
19%
Shenzhen AirYibin
19%
China SouthernZunyi
19%
Air ChinaDazhou
18%
China SouthernFuyang
18%
Air ChinaGuangyuan
18%
9 AirHailar
18%
China SouthernJiamusi
18%
China EasternJiayuguan
18%
China EasternLincang
18%
Hainan AirYan'an
18%
Air ChinaYuncheng
18%
Hainan AirBaise
17%
China SouthernHandan
17%
Hainan AirJinzhou
17%
China SouthernJixi
17%
China EasternLuliang
17%
China EasternMangshi
17%
China SouthernMeixian
17%
China SouthernMianyang
17%
China EasternTengchong
17%
China SouthernTongren
17%
Hainan AirWuhai
17%
Shandong AirWuyishan
17%
China EasternXichang
17%
China SouthernYulin
17%
China SouthernChizhou
16%
China SouthernJinggangshan
16%
China EasternLaoag
16%
China SouthernLibo
16%
9 AirManzhouli
16%
China SouthernNyingchi
16%
China EasternWenshan
16%
China SouthernAnqing
14%
China SouthernDaqing
14%
China SouthernQianjiang
14%
Shenzhen AirYichun
14%
China SouthernAnshun
13%
China Southern, Shenzhen AirChangzhi
13%
China SouthernKaili
13%
Air ChinaTonghua
13%
China SouthernXingyi
13%
China SouthernBaishan
12%
China SouthernLiping
12%

Score Distribution

Percentile by Number Answered

Percent of People with Each Score

Your Score History

You have not taken this quiz since the last reset